Building Bridges IV Quiz Stats

 Plays Quiz Updated Apr 3, 2020

Support Sporcle.
Go Orange.
Score 0/37 Timer 06:00
6 Plays Today
% Correct
???
69.6%
???
69.5%
???
67.4%
???
64.4%
???
63.5%
???
62.4%
???
60.2%
???
57.8%
???
57.5%
???
57.4%
???
57.2%
???
54.9%
???
54.9%
???
54.4%
???
52.8%
???
52.1%
???
50.9%
???
50.5%
???
50%
% Correct
???
49.1%
???
47.9%
???
47.8%
???
47.5%
???
47.2%
???
47.1%
???
46.8%
???
46.5%
???
46%
???
46%
???
45.9%
???
45.7%
???
45.1%
???
45%
???
44.7%
???
43.4%
???
43.3%
???
41.1%

From the Vault

Which State: US Landmarks II

by alvir28

We're guessing the one with palm trees in the picture probably isn't an Alaskan landmark.
Remove Ads.
Support Sporcle.
Get the best of Sporcle when you Go Orange. This ad-free experience offers more features, more stats, and more fun while also helping to support Sporcle. Thank you for becoming a member.

Show Comments

Extras

Top Quizzes Today


Score Distribution

Your Account Isn't Verified!

In order to create a playlist on Sporcle, you need to verify the email address you used during registration. Go to your Sporcle Settings to finish the process.

Report this User

Report this user for behavior that violates our Community Guidelines.

Details: